000 00636nam a2200277Ia 4500
005 20260324132304.0
008 008 260324s9999 xx 000 0 eng d
020 _a9780203040898
037 _aEBOOK
040 _aCRL
040 _beng
040 _cCRL
041 _2eng
041 _aeng
084 _qCRL
100 _aArthur Edward Waite
_91188719
245 4 _aThe Book of Ceremonial Magic
260 _bTaylor and Francis
260 _c2005
365 _a
365 _b420
856 _uhttp://www.taylorfrancis.com/books/9780203040898
942 _cEBOOK
999 _c1786707
_d1786707